| 000 | 00448cam a2200181ua 4500 | ||
|---|---|---|---|
| 001 | 5324 | ||
| 008 | 120730n ii |||gr||||Z||||||eng | ||
| 020 | _a0-19-281591-1 | ||
| 040 | _cMAIN | ||
| 082 | _a823 | ||
| 100 |
_aDickens, Charles, _eAuthor, |
||
| 245 | 1 | 1 |
_aOliver twist _cby Charles Dickens |
| 250 | _a1st. | ||
| 260 |
_aDelhi: _bOxford university press, _c1982. |
||
| 300 |
_axxiii; 363p: _c15cm. |
||
| 653 | _aEnglish fiction | ||
| 942 | _cBK | ||
| 999 |
_c4505 _d4505 |
||